000 00252 a2200109 4500
001 157467
040 _cEscola São Tomás de Aquino
240 1 0 _aEscritores da ESTA 2021
_lpor
245 1 0 _aEscritores da ESTA 2021
697 _aEducação
942 _cBK
999 _c157467
_d157467